Microbial ecology: A conceptual approach (Record no. 36452)

MARC details
000 -LEADER
fixed length control field 00542nam a2200205Ia 4500
082 ## - DEWEY DECIMAL CLASSIFICATION NUMBER
Classification number 579.26
Item number LYN
100 ## - MAIN ENTRY--AUTHOR NAME
Personal name Lynch, J M
245 #0 - TITLE STATEMENT
Title Microbial ecology: A conceptual approach
260 ## - PUBLICATION, DISTRIBUTION, ETC. (IMPRINT)
Place of publication Oxford
Name of publisher Blackwell
Year of publication 1979
650 ## - SUBJECT ADDED ENTRY--TOPICAL TERM
Topical Term Microbial ecology
650 ## - SUBJECT ADDED ENTRY--TOPICAL TERM
Topical Term Microbial energetics
650 ## - SUBJECT ADDED ENTRY--TOPICAL TERM
Topical Term Microbiology
650 ## - SUBJECT ADDED ENTRY--TOPICAL TERM
Topical Term Microorganisms
650 ## - SUBJECT ADDED ENTRY--TOPICAL TERM
Topical Term Nitrogen fixation
650 ## - SUBJECT ADDED ENTRY--TOPICAL TERM
Topical Term Recalcitrant molecule
650 ## - SUBJECT ADDED ENTRY--TOPICAL TERM
Topical Term Water pollution
700 ## - ADDED ENTRY--PERSONAL NAME
Personal name Poole, N J
942 ## - ADDED ENTRY ELEMENTS (KOHA)
Koha item type Books
Holdings
Withdrawn status Lost status Damaged status Not for loan Home library Current library Date acquired Full call number Accession Number Koha item type
        RRII Library RRII Library 16/12/2021 579.26 LYN 16858 Books